Hệ thống các văn bản pháp luật về quản lý tài chính và kế toán doanh nghiệp (Văn bản mới)

সংরক্ষণ করুন:
গ্রন্থ-পঞ্জীর বিবরন
বিন্যাস: গ্রন্থ
ভাষা:Undetermined
প্রকাশিত: Hà Nội Thống Kê 1998
বিষয়গুলি:
ট্যাগগুলো: ট্যাগ যুক্ত করুন
কোনো ট্যাগ নেই, প্রথমজন হিসাবে ট্যাগ করুন!
Thư viện lưu trữ: Trung tâm Học liệu Trường Đại học Cần Thơ
LEADER 00703nam a2200205Ia 4500
001 CTU_30752
008 210402s9999 xx 000 0 und d
020 |c 90000 
082 |a 657 
082 |b H250 
245 0 |a Hệ thống các văn bản pháp luật về quản lý tài chính và kế toán doanh nghiệp (Văn bản mới) 
245 0 |c Huỳnh Văn Hoài (sưu tầm và hệ thống) 
260 |a Hà Nội 
260 |b Thống Kê 
260 |c 1998 
650 |a Accounting,Managerial accounting 
650 |x Law and legislation 
650 |y Vietnam 
904 |i Nguyên sửa 
980 |a Trung tâm Học liệu Trường Đại học Cần Thơ